Responses for Show #9155 - Friday, July 26, 2024

Last game of Season 40.

Contestants

[<< previous game]

Rachel Bradley, an ESL instructor from Greenbelt, Maryland

Steve Babish, a marketing content strategist from San Jose, California

Davey Morrison, an actor and screenwriter from Provo, Utah (whose 2-day cash winnings total $29,012)

[next game >>]

Jeopardy! Round responses

A DATE IN HISTORY
IDIOMS & EXPRESSIONS
A WORD FROM YOUR DOCTOR
ALSO A FISHING TERM
A THING FOR FEATS
WE CRACK OURSELVES UP
    $200 4
(Rachel: Who are the Curies?)
(Ken: More specifically?)
(Rachel: Madame Curie--um, [*]?)

Marie Curie & Pierre Curie

Rachel
    $200 26
raise the bar

Steve
    $200 27
acute

Rachel
    $200 13
float

Steve
    $200 29
Africa

Rachel
    $200 30
Harry Potter

Davey!
    $400 18
(Davey!: Who is Julius Caesar?)
...
(Ken: Even though you're a Shakespearean actor, Davey, you picked the wrong one.)
[Laughter]

Marc Antony

Davey!Rachel
    $400 12
radio

Davey!
    $400 10
(Davey!: What's a neck?)

your arm

Davey!
Triple Stumper
    $400 9
Rod

Steve
    $400 5
the Eiffel Tower

Rachel
    $400 7
Friends

Steve
    $1,000 3
the Obamas

Davey!
    $600 2
(Rachel: What is due?)
(Steve: What is lunch?)

hand (give) him his head

SteveRachel
Triple Stumper
    $600 19
prognosis

Rachel
    $600 14
chum

Triple Stumper
    $600 8
Spider-Man

Rachel
    $600 6
Beavis & Butt-head

Davey!
    $800 24
Bonnie & Clyde

Rachel
    $800 1
belle of the ball

Davey!
    $800 20
a pulse

Triple Stumper
    $800 16
a sinker

Steve
    $800 21
a barrel roll

Davey!
    $800 15
(Ken: Apparently, we're all a little young for [*].)

The Carol Burnett Show

Triple Stumper
    $1000 25
Abelard & Héloïse

Rachel
    $1000 11
cut and dried

Triple Stumper
    $1000 23
an otoscope

Triple Stumper
    $1000 17
a spool(ing)

Triple Stumper
    $1000 28
circumnavigate the globe

Davey!
    $1000 22
Easy Rider

Steve

Scores at the first commercial break (after clue 15):

Davey! Steve Rachel
$2,400 $400 $600

Scores at the end of the Jeopardy! Round:

Davey! Steve Rachel
$4,000 $2,400 $3,800

Double Jeopardy! Round responses

CANALS
"I" + 4
(Ken: "I" will be the first letter of these 5-letter words.)
TOO MUCH OF SOMETHING
TICK TOCK
FACE BOOKS
INSTA-GRAHAM
    $400 26
the Erie Canal

Steve
    $400 27
index

Steve
    $400 28
a billionaire

Steve
    $400 29
(Davey!: What's a cuckoo?)

a hand

Davey!Rachel
    $400 30
Dr. Seuss

Davey!
    $400 24
Lauren Graham

Steve
    $800 21
Loch Ness

Steve
    $800 2
Igloo

Steve
    $800 17
overcaffeinated

Steve
    $800 20
daylight saving

Steve
    $800 11
(Ken: That's right, Old Man of the Mountain.)

New Hampshire

Steve
    $800 22
Heather Graham

Davey!
    $1200 3
St. Petersburg

Steve
    $1200 1
(Ken: You would recognize his dad--Max [*], Jeremy [*]'s son.)

Irons

Triple Stumper
    $1200 4
guilt

Rachel
    $1200 5
(Davey!: What's... uh, Bern?)
(Rachel: What is Zurich?)

Tokyo

Davey!SteveRachel
    $1200 12
Campbell

Davey!
    $1200 16
s'mores

Rachel
    $1600 9
Hamburg

Triple Stumper
    $1600 8
(Davey!: What's a bard?)

Irish

Davey!Steve
    $1600 7
(Rachel: What is bile?)

cholesterol

Rachel
Triple Stumper
    $1,500 6
a grandmother clock

Steve
    $1600 13
Their Eyes Were Watching God

Davey!
    $1600 15
Martha Graham

Davey!
    $2000 25
Bangkok

Rachel
    $2000 19
(Ken: The topless towers of [*].)

Ilium

Triple Stumper
    $2,000 18
(Steve: What... is... uh...)
(Ken: Hurry.)
(Steve: [no response])
...
(Ken: Luckily, you didn't show [*]; you only wagered $2,000.)

hubris

Steve
    $2000 10
Omega

Rachel
    $2000 14
Yellowface

Rachel
    $2000 23
Graham Norton

Rachel

Scores at the end of the Double Jeopardy! Round:

Davey! Steve Rachel
$6,400 $11,500 $11,800

[wagering suggestions for these scores]

Final Jeopardy! Round responses

ANCIENT ANIMALS
(Ken: [To Rachel] That's the finger that goes to their wingtip.)
Davey!What are Giant sloths????
$5,401
SteveWhat are saber-toothed tigers
$1,400
RachelWhat are pterodactyls?
$11,797
pterodactyls

Final scores:

Davey! Steve Rachel
$999 $10,100 $23,597
3rd place: $2,000 2nd place: $3,000 New champion: $23,597

Game dynamics:

Coryat scores:

Davey! Steve Rachel
$6,000 $13,600 $11,800
12 R
(including 1 DD),
5 W
19 R
(including 1 DD),
2 W
(including 1 DD)
16 R,
3 W

Combined Coryat: $31,400

[game clues] [game scores] [suggest correction]

Game tape date: 2024-05-29
The J! Archive is created by fans, for fans. Scraping, republication, monetization, and malicious use prohibited; this site may use cookies and collect identifying information. See terms. The Jeopardy! game show and all elements thereof, including but not limited to copyright and trademark thereto, are the property of Jeopardy Productions, Inc. and are protected under law. This website is not affiliated with, sponsored by, or operated by Jeopardy Productions, Inc. Join the discussion at JBoard.tv.